UM Logo

Faculty Perspectives Using Practice-Based Teacher Education in Physical Education / (Record no. 24340)

MARC details
000 -LEADER
fixed length control field 01190nam a22002777a 4500
003 - CONTROL NUMBER IDENTIFIER
control field OSt
005 - DATE AND TIME OF LATEST TRANSACTION
control field 20260216161508.0
008 - FIXED-LENGTH DATA ELEMENTS--GENERAL INFORMATION
fixed length control field 260216b |||||||| |||| 00| 0 eng d
040 ## - CATALOGING SOURCE
Transcribing agency 0
082 ## - DEWEY DECIMAL CLASSIFICATION NUMBER
Classification number DPer 796.07 J826 January-October 2023 v. 42 n. 1-4
100 ## - MAIN ENTRY--PERSONAL NAME
Personal name Ward, Phillip.
Relator term author.
9 (RLIN) 59732
245 ## - TITLE STATEMENT
Title Faculty Perspectives Using Practice-Based Teacher Education in Physical Education /
Statement of responsibility, etc. Phillip Ward, Fatih Dervent, Insook Kim, Bomna Ko, Xiuye Xie, Emi Tsuda, José A. Santiago, Peter iserbyt, Erhan Devrilmez.
260 ## - PUBLICATION, DISTRIBUTION, ETC. (IMPRINT)
Place of publication, distribution, etc. Champaign, IL ;
Name of publisher, distributor, etc. Human Kinetics, Inc. ,
Date of publication, distribution, etc. July 2023.
300 ## - PHYSICAL DESCRIPTION
Extent Volume 42, pages 490-501 :
Other physical details illustration ;
Dimensions 29 cm.
500 ## - GENERAL NOTE
General note Journal of Teaching in Physical Education, vol. 42 no. 3, pages 490-501, July 2023.
700 ## - ADDED ENTRY--PERSONAL NAME
Personal name Ward, Phillip.
Relator term author.
9 (RLIN) 59732
700 ## - ADDED ENTRY--PERSONAL NAME
Personal name Dervent, Fatih.
Relator term author.
9 (RLIN) 69741
700 ## - ADDED ENTRY--PERSONAL NAME
Personal name Kim, Insook.
Relator term author.
9 (RLIN) 59907
700 ## - ADDED ENTRY--PERSONAL NAME
Personal name Ko, Bomna.
Relator term author.
9 (RLIN) 59908
700 ## - ADDED ENTRY--PERSONAL NAME
Personal name Xie, Xiuye.
Relator term author.
9 (RLIN) 69672
700 ## - ADDED ENTRY--PERSONAL NAME
Personal name Tsuda, Emi.
Relator term author.
9 (RLIN) 59731
700 ## - ADDED ENTRY--PERSONAL NAME
Personal name Santiago, José A.
Relator term author.
9 (RLIN) 69760
700 ## - ADDED ENTRY--PERSONAL NAME
Personal name Iserbyt, Peter.
Relator term author.
9 (RLIN) 69624
700 ## - ADDED ENTRY--PERSONAL NAME
Personal name Devrilmez, Erhan.
Relator term author.
9 (RLIN) 69744
942 ## - ADDED ENTRY ELEMENTS (KOHA)
Source of classification or shelving scheme Dewey Decimal Classification
Koha item type Periodicals
Holdings
Withdrawn status Lost status Source of classification or shelving scheme Damaged status Not for loan Collection code Home library Current library Date acquired Total Checkouts Full call number Date last seen Price effective from Koha item type Public note
    Dewey Decimal Classification     Periodicals UM Digos College - LIC UM Digos College - LIC 02/16/2026   DPer 796.07 J826 January-October 2023 v. 42 n. 1-4 02/16/2026   Periodicals Periodical Article